|
|
|
|
| LEADER |
00000nab a2200000 a 4500 |
| 001 |
vtls000552166 |
| 003 |
SK-MaSNL |
| 005 |
20260304083857.0 |
| 008 |
250425c1995 xo 0 slo |
| 015 |
|
|
|a SNBRB19rr/mm-uuuuu
|
| 035 |
|
|
|a CL0552304
|
| 035 |
|
|
|a urn:nbn:sk:snk-ab6pyo
|
| 035 |
|
|
|a (uuid)e447fff5-44f5-4d4c-87ce-e04d57dc2d70
|
| 035 |
|
|
|a (urnnbn)urn:nbn:sk:snk:ar-005rx5
|
| 035 |
|
|
|a (sysno)vtls000552166
|
| 040 |
|
|
|a SNKBUCL
|b slo
|c SNKBUCL
|e AACR2
|
| 041 |
0 |
|
|a cze
|
| 044 |
|
|
|a xo
|c SK
|
| 080 |
|
|
|a 621.791.754.042:661.9:061.5(437.1/.2)
|2 1981
|
| 080 |
|
|
|a 661.9
|2 1981
|
| 100 |
1 |
|
|a Bartoš, Jaroslav
|4 aut
|9 407555
|
| 245 |
1 |
0 |
|a Svařování v ochranných plynech v expozici firmy AGA na výstavě "Welding 94"
|c Jaroslav Bartoš
|
| 300 |
|
|
|b Obr. 3
|
| 500 |
|
|
|a Na dok. chybne ISSN 044-5525
|
| 610 |
|
7 |
|a AGA GAS (Praha, Česko)
|2 snkbucl
|9 1182611
|
| 650 |
0 |
7 |
|a zváranie MAG
|2 snkbucl
|9 994741
|
| 650 |
0 |
7 |
|a plyny technické ochranné
|2 snkbucl
|9 899966
|
| 655 |
|
7 |
|a články z novín a časopisov
|2 snkbucl
|9 267496
|
| 773 |
0 |
|
|t Zváranie
|g Roč. 44, č. 3 (1995), s. 55-58
|x 0044-5525
|
| 850 |
|
|
|a Slovenská národná knižnica
|
| 852 |
|
|
|a Slovenská národná knižnica
|
| 954 |
|
|
|a odborná, vedecká literatúra pôvodná (slovenská)
|2 lita
|
| 954 |
|
|
|a odborná, vedecká literatúra cudzojazyčná (svetová)
|2 lita
|
| 958 |
|
|
|a article
|
| 958 |
|
|
|a OND
|
| 958 |
|
|
|a RK
|
| 958 |
|
|
|a CZ
|
| 958 |
|
|
|a EUIPO
|
| 992 |
|
|
|a RBX
|
| 999 |
|
|
|c 2801513
|d 2803443
|